000 00989mam a2200313 a 4500
001 1569242
003 ARRUPE
005 20160322120709.0
008 940428s1993 enkab b 000 0 eng d
010 _agb 94085763
015 _aGB94-85763
020 _a185287113X
035 _a(OCoLC)32823025
035 _a(OCoLC)ocm32823025
035 _a(NNC)1569242
040 _aEMT
_cEMT
_dUKM
082 0 4 _a968.9704
_220
245 0 0 _aMalawi :
_ba moment of truth.
_cCatholic Institute for International Relations
260 _a[London :
_bCatholic Institute for International Relations,
_c1993]
300 _a31 p. :
_bill., map ;
_c20 cm.
490 1 _aCIIR Comment series
500 _aCover title.
504 _aIncludes bibliographical references (p. 31)
650 0 _aPolitics
_zMalawi
_y1964-1994
_923185
710 2 _aCatholic Institute for International Relations.
_923186
830 0 _aComment (London, England)
_923187
900 _bTOC
942 _2lcc
_cMONOGRAPH
999 _c124434
_d124434